| 000 | 00500ntaaa2200169 4500 | ||
|---|---|---|---|
| 003 | 01 | ||
| 005 | 20251027201208.0 | ||
| 008 | 0714s1973 ag 01 | ||
| 040 |
_aAR-BaBN _bspa _cAR-BaBN _eaacr _dRIC |
||
| 082 | _a220.59812 B47 | ||
| 100 |
_aBiblia. Serbocroata. Danicic. 1956 _99875 |
||
| 245 |
_aSveto Pismo / _cBiblia. Serbocroata. Danicic. 1956 |
||
| 250 | _a1 ed. | ||
| 260 |
_aZagrebu : _bIzdnje Britanskog i Inostranog Biblijskog Drustva, _c1956 |
||
| 300 |
_a701, 233 p. ; _c15 cm |
||
| 942 | _cBK | ||
| 999 |
_c6243 _d6243 |
||